00661nam a2200241 a 4500001001300000003000900013005001700022008004100039020000800080082001800088100002200106245001900128260003600147300000900183500003500192505001000227650001600237700002200253902000800275942000700283952011400290999001500404nice12345678IN_TiNIC20260116011804.0050524s1944 agra grp 000 0 urd  ac300a891.4391bSIM aSimab, Akberabadi aAalam-E-Aashob aAgrabMaktaba Qisrul Adabc1944 a428p aincludes index and biblioraphy2 aNotes aUrdu-Poetry1 aSimab, Akberabadi bSRS cBK 001040708StackRoom-aHMIbHMId2007-06-25g3.00l0o891.4391 SIMp05797r2007-06-25v3.00w2005-05-24yBK c3979d3979